000 00557nam a22001575i 4500
001 153852
003 ES-MaACL
005 20230906205416.0
008 000216s1829 sp |||| | spa d
040 _aCCPB | B
_bspa
_cCCPB | B
245 0 0 _aReglamento general para el gobierno y regimen facultativo del cuerpo de medico-cirujanos del ejercito.
260 _aMadrid :
_ben la Imprenta Real,
_c1829.
300 _a168 p. ;
_c21 cm.
610 2 4 _aCuerpo de Médico-Cirujanos del Ejército (España)
_9148100
852 _aES-MaACL
_jG-9618(3)
_z-- Enc. hol.
999 _c153852
_d153852